|
|
|
|
| LEADER |
00000nab a2200000 a 4500 |
| 001 |
vtls000769782 |
| 003 |
SK-MaSNL |
| 005 |
20260303174425.0 |
| 008 |
160314c2001 xo 0 slo |
| 015 |
|
|
|a SNBRB2001/10-28437
|
| 035 |
|
|
|a CLN000121569
|
| 040 |
|
|
|a SNKBUCL
|b slo
|c SNKBUCL
|e AACR2
|
| 041 |
0 |
|
|a slo
|
| 044 |
|
|
|a xo
|c SK
|
| 080 |
|
|
|a 82.09:885.4-3(048)
|2 UDC-MRF-SK2
|
| 080 |
|
|
|a 885.4-3(048)
|2 UDC-MRF-SK2
|
| 100 |
1 |
|
|a Matejov, Radoslav,
|d 1974-
|4 aut
|9 229344
|
| 245 |
1 |
0 |
|a Pasca na ženy
|c Radoslav Matejov
|
| 300 |
|
|
|b Obr.
|
| 650 |
0 |
7 |
|a psychologické poviedky, slovenské
|x recenzie
|2 snkbucl
|9 70027
|
| 773 |
0 |
|
|x 1210-1982
|t Knižná revue
|g Roč. 11, č. 18 (2001), s. 5
|
| 787 |
0 |
8 |
|i Rec.:
|a Blažková, Jaroslava, 1933-
|t Svadba v Káne Galilejskej
|d Bratislava : Aspekt, 2001
|
| 850 |
|
|
|a Slovenská národná knižnica v Martine
|
| 852 |
|
|
|a SNK
|b KIS3GCP
|
| 958 |
|
|
|a LX
|
| 958 |
|
|
|a SK
|
| 958 |
|
|
|a RC
|
| 958 |
|
|
|a RBX
|
| 999 |
|
|
|c 2096551
|d 2098481
|